Colombia: industrial competition and performance (Record no. 37718)

MARC details
000 -LEADER
fixed length control field 00748nam a2200205 a 4500
008 - FIXED-LENGTH DATA ELEMENTS--GENERAL INFORMATION
fixed length control field 120416s1991 ||||||||||||||||| || u
020 ## - INTERNATIONAL STANDARD BOOK NUMBER
International Standard Book Number 082131985X
050 ## - LIBRARY OF CONGRESS CALL NUMBER
Classification number IBRD(06)CS/1991/11
110 ## - MAIN ENTRY--CORPORATE NAME
Corporate name or jurisdiction name as entry element World Bank
245 10 - TITLE STATEMENT
Title Colombia: industrial competition and performance
260 ## - PUBLICATION, DISTRIBUTION, ETC.
Place of publication, distribution, etc. Washington, D.C.
Name of publisher, distributor, etc. World Bank
Date of publication, distribution, etc. 1991
300 ## - PHYSICAL DESCRIPTION
Extent xiv, 158p. : ill.
350 ## - PRICE (NR) (BK AM CF MU VM SE) [OBSOLETE]
Price 0.00
490 ## - SERIES STATEMENT
Series statement World Bank Country Study
650 ## - SUBJECT ADDED ENTRY--TOPICAL TERM
Topical term or geographic name entry element COLOMBIA--COMMERCIAL POLICY
650 ## - SUBJECT ADDED ENTRY--TOPICAL TERM
Topical term or geographic name entry element INDUSTRY AND STATE--COLOMBIA
650 ## - SUBJECT ADDED ENTRY--TOPICAL TERM
Topical term or geographic name entry element COLOMBIA--INDUSTRIES
650 ## - SUBJECT ADDED ENTRY--TOPICAL TERM
Topical term or geographic name entry element COMPETITION--GOVERNMENT POLICY--COLOMBIA
995 ## - RECOMMENDATION 995 [LOCAL, UNIMARC FRANCE]
-- 0.00
-- CBU-MAIN LIBRARY (Kitwe)
-- 1
-- 20.00
-- 1
-- AVAILABLE
-- International Publications
Holdings
Withdrawn status Lost status Source of classification or shelving scheme Damaged status Not for loan Home library Current library Shelving location Date acquired Total Checkouts Full call number Barcode Date last seen Price effective from Koha item type
          CBU-MAIN LIBRARY, KITWE. CBU-MAIN LIBRARY, KITWE.   11/30/2022   IBRD(06)CS/1991/11 024928 11/30/2022 11/30/2022 MONOGRAPH